Historia del pensamiento administrativo /
Guardado en:
| Autor Principal: | |
|---|---|
| Otros Autores: | |
| Formato: | Libro |
| Idioma: | Spanish English |
| Publicado: |
Naucalpan de Juárez, Edo. de México :
Pearson Educación,
2005.
|
| Edición: | 2a. ed. |
| Materias: | |
| Etiquetas: |
Agregar Etiqueta
Sin Etiquetas, Sea el primero en etiquetar este registro!
|
| LEADER | 00868nam a22002295a 4500 | ||
|---|---|---|---|
| 001 | EAD.ead000201 | ||
| 008 | 051213s2005####mx#####g#b####001#0#spa#d | ||
| 005 | 20190531120516.0 | ||
| 245 | 1 | 0 | |a Historia del pensamiento administrativo / |c Claude S. George, Ma. de Lourdes Álvarez Medina. |
| 250 | |a 2a. ed. | ||
| 260 | |a Naucalpan de Juárez, Edo. de México : |b Pearson Educación, |c 2005. | ||
| 300 | |a xxviii, 313 p. ; |c 23 cm. | ||
| 500 | |a Traducción de: The history of management. | ||
| 504 | |a Incluye referencias bibliográficas, glosario e índice. | ||
| 020 | |a 9702605504 | ||
| 100 | 1 | |a George, Claude S. | |
| 700 | 1 | |a Álvarez Medina, María de Lourdes. | |
| 082 | 0 | 4 | |a 658.001 |2 21 |
| 650 | 4 | |a Administración de empresas |x Teorías. | |
| 653 | |a Pensamiento administrativo | ||
| 041 | 1 | |a spa |h eng | |
| 859 | |a AR-BaBDC |b BIB. ADMINISTRACION - Libros |h 658.001 |i G293a2 |p b05135 | ||
